Flower and flowering plants: an introduction to the nature and work of flowers and the classification of flowering plants (Record no. 363042)
[ view plain ]
| 000 -LEADER | |
|---|---|
| fixed length control field | 004550000a22001570004500 |
| 060 ## - NATIONAL LIBRARY OF MEDICINE CALL NUMBER | |
| Classification number | 100 |
| 082 ## - DEWEY DECIMAL CLASSIFICATION NUMBER | |
| Classification number | 582.130 12 POO |
| 100 ## - MAIN ENTRY--PERSONAL NAME | |
| Personal name | Pool, Raymond J |
| 245 ## - TITLE STATEMENT | |
| Title | Flower and flowering plants: an introduction to the nature and work of flowers and the classification of flowering plants |
| 250 ## - EDITION STATEMENT | |
| Edition statement | 2 |
| 260 ## - PUBLICATION, DISTRIBUTION, ETC. (IMPRINT) | |
| Place of publication, distribution, etc. | New York, Mc Graw- Hill Book Company Inc |
| 260 ## - PUBLICATION, DISTRIBUTION, ETC. (IMPRINT) | |
| Date of publication, distribution, etc. | 1941 |
| 300 ## - PHYSICAL DESCRIPTION | |
| Extent | 428 |
| 650 ## - SUBJECT ADDED ENTRY--TOPICAL TERM | |
| Topical term or geographic name as entry element | Flowers/ flowering plants |
| 942 ## - ADDED ENTRY ELEMENTS (KOHA) | |
| Koha item type | Books (General) |
| Withdrawn status | Lost status | Damaged status | Not for loan | Home library | Current library | Date acquired | Total Checkouts | Full call number | Barcode | Date last seen | Price effective from | Koha item type |
|---|---|---|---|---|---|---|---|---|---|---|---|---|
| College of Agriculture, Vellayani | College of Agriculture, Vellayani | 02/05/2014 | 582.130 12 POO | KAU_COAV-1137 | 02/05/2014 | 02/05/2014 | Books (General) |
